| 000 | 01159nam a2200277 i 4500 | ||
|---|---|---|---|
| 001 | 15761 | ||
| 003 | DO-SdUEMH | ||
| 005 | 20260206212126.0 | ||
| 007 | ta | ||
| 008 | 211105s2007||||dr a|||gr|||| 0|| | spa d | ||
| 040 |
_aDO-SdUEMH _bspa _erda |
||
| 041 | _aspa | ||
| 082 | 1 | 4 |
_aRD 352.467 R426I _mRD |
| 084 | _b12-00000 | ||
| 110 | _aRepública Dominicana: Cámara de Cuentas | ||
| 245 | 0 | _aInforme de Gestión 2006 | |
| 260 | _c2007 | ||
| 264 | 1 |
_aSanto Domingo, República Dominicana : _bAmigo del Hogar, _c2007 |
|
| 300 |
_a125 páginas : _bilustraciones ; _c29 cm. |
||
| 336 |
_2rdacontent _atexto _btxt |
||
| 337 |
_2rdamedia _asin mediación _bn |
||
| 338 |
_2rdacarrier _avolumen _bnc |
||
| 505 | 2 | _aLogros alcanzados en 2006 -- Cámara de Cuentas en acción -- Proyección internacional de la Cámara de Cuentas -- Control externo y gestión pública en el mundo actual -- Nuestras sedes -- Tecnología de información en la Cámara de Cuentas -- Auditoría financiera practicada a la Cámara de Cuentas -- Desempeño financiero y control interno de la Cámara de Cuentas -- Cambios en la Cámara de Cuentas. | |
| 942 |
_2ddc _cBK _n0 |
||
| 999 |
_c15761 _d15761 |
||